000 00600nam a22002177a 4500
005 20220331143618.0
008 220331b ||||| |||| 00| 0 eng d
020 _a‎ 817102095X
040 _cAL
041 _aEnglish
082 _223
_a746.0954
_bGHOT
100 _aG K Ghosh and others
_927026
245 _aTextiles of north eastern India
260 _aCalcutta
_bFirma KLM Private Limited
_c2000
300 _avii,122 p.
_bHB
_c21x12 cm.
365 _c
_d₹250.00
650 _aTextiles
_927019
700 _aGHOSH (G K)
_927020
700 _aGHOSH (Shukla)
_927021
942 _2ddc
_cGF
999 _c222122
_d222122